000 00665nam a2200277Ia 4500
005 20260324134155.0
008 008 260324s9999 xx 000 0 eng d
020 _a9780429101281
037 _aEBOOK
040 _aCRL
040 _beng
040 _cCRL
041 _2eng
041 _aeng
084 _qCRL
100 _aJingxiong Zhang; Michael F. Goodchild
_91195850
245 0 _aUncertainty in Geographical Information
260 _bTaylor and Francis
260 _c2002
365 _a
365 _b275
856 _uhttp://www.taylorfrancis.com/books/9780429101281
942 _cEBOOK
999 _c1795631
_d1795631